| 000 | 00632nam a2200193 a 4500 | ||
|---|---|---|---|
| 005 | 20240622063726.0 | ||
| 008 | 991125s1969 fr 000 0 eng u | ||
| 035 | _aUPN01000002863 | ||
| 049 | _aCG | ||
| 050 | 4 |
_aLC65 _bH3.23 |
|
| 100 | 1 |
_aHallak, Jacques, _d1937- _928384 |
|
| 245 | 1 | 4 |
_aThe analysis of educational costs and expenditure / _cJ. Hallak. |
| 260 |
_aParís : _bUNESCO, International Institute for Educational Planning, _c1969. |
||
| 300 | _a69 p. | ||
| 440 | 0 |
_aFundamentals of educational planning ; _v10 |
|
| 650 | 4 |
_aCOSTOS EDUCATIVOS _911419 |
|
| 650 | 4 |
_aEducación _xAspectos económicos _911820 |
|
| 905 | _aLibro | ||
| 999 |
_c2863 _d2863 |
||